{"text_format":"3","workbook":"xlsx","n_sheets":1,"sheets":["消防工程"],"read":"whole","date_system":"1900"}

{"sheet":"消防工程","index":0,"n_rows":44,"n_cols":8,"rows_kept":44,"merged":[[0,0,0,7],[1,0,3,0],[1,1,3,1],[1,2,3,2],[1,3,3,3],[1,4,3,4],[1,5,3,5],[1,6,3,6],[1,7,3,7],[4,1,4,2],[14,1,14,2],[18,1,18,2],[29,1,29,2],[31,1,31,2],[35,1,35,2],[40,1,40,2],[43,0,43,7]]}
["海安文峰小区消防维修工程"]
["序号","项目名称","项目特征描述","计量单位","工程量","综合单价     （含税）元","合价（元）","备注"]
[]
[]
[null,"火灾联动报警系统"]
[1,"报警设备（拆除换新）","1、名称:成套设备（含火灾报警控制器、总线控制盘、消防电话总机、消防应急广播主机等）（与原系统匹配，不低于原设备型号配置）\n2、满足规范要求及消防验收标准\n3、线路整修或增加管线（含开孔）\n4、调试\n5、确保每个报警支路与报警主机联动，端子箱等整修","套",1,67140,{"$f":"E6*F6","v":{"v":67140,"d":"67140.00"}}]
[2,"备用电源及电池主机（柜）（拆除换新）","1、名称：蓄电池（12V/38Ah）\n2、满足规范要求及消防验收标准\n3、线路整修或增加管线（含开孔）\n4、调试","套",3,323.67,971.01]
[3,"CRT彩色图文显示装置（新增）","1、与主机配套，含CRT 软件\n2、满足规范要求及消防验收标准\n3、线路整修或增加管线（含开孔）\n4、调试","套",1,32282.02,32282.02]
[4,"消防报警电话插孔（电话）（拆除换新）","1、名称:消防报警电话（与原系统匹配）\n2、满足规范要求及消防验收标准\n3、线路整修或增加管线（含底盒、开孔）\n4、调试","部",20,69.2,{"v":1384,"d":"1384.00"}]
[5,"点型探测器（拆除换新）","1、名称:点型感烟探测器含底座（总线制）（与原系统匹配）\n2、满足规范要求及消防验收标准\n3、线路整修或增加管线（含底盒、开孔）\n4、调试","个",260,89.04,{"v":23150.4,"d":"23150.40"}]
[6,"按钮（拆除换新）","1、名称:消火栓按钮（与原系统匹配）\n2、满足规范要求及消防验收标准\n3、线路整修或增加管线（含底盒、开孔）\n4、调试","个",10,108.89,{"v":1088.9,"d":"1088.90"}]
[7,"按钮（拆除换新）","1、名称:手动报警按钮（与原系统匹配）\n2、满足规范要求及消防验收标准\n3、线路整修或增加管线（含底盒、开孔）\n4、调试","个",20,108.98,{"v":2179.6,"d":"2179.60"}]
[8,"模块（模块箱）（拆除换新）","1、名称:控制模块（与原系统匹配）\n2、满足规范要求及消防验收标准\n3、线路整修或增加管线（含底盒、开孔）\n4、调试","个",60,210.03,{"v":12601.8,"d":"12601.80"}]
[9,"防静电活动地板（拆除换新）","1、名称:陶瓷面防静电地板\n2、技术参数要求:600×600×40mm（高度以现场为准，在原地板高度基础上抬高20mm）陶瓷面防静电地板 颜色由甲方定 含安装支架、接地等","m2",15,289.18,{"v":4337.7,"d":"4337.70"}]
[null,"应急照明系统"]
[10,"应急照明箱（整改）","1、检修并整改，满足断电的情况下，楼道应急灯仍能正常工作\n2、满足规范要求及消防验收标准\n3、元器件整修，线路整修或增加管线（含底盒、开孔）\n4、调试","套",16,515.44,{"$f":"E16*F16","v":8247.04}]
[11,"应急灯具（拆除换新）","1、名称:疏散指示灯       \n2、满足规范要求及消防验收标准\n3、线路整修或增加管线（含底盒、开孔）\n4、调试","套",112,69.36,{"$f":"E17*F17","v":7768.32}]
[12,"应急灯具（拆除换新）","1、名称:应急照明灯      \n2、满足规范要求及消防验收标准\n3、线路整修或增加管线（含底盒、开孔）\n4、调试","套",64,77.12,{"$f":"E18*F18","v":4935.68}]
[null,"消火栓系统"]
[13,"室内成套消火栓（拆除换新）","1、名称:室内消火栓（成套）\n2、内含卷盘软管、水带、水枪、消火栓箱门、消火栓玻璃、消火栓箱、消火栓按钮等\n3、满足规范要求及消防验收标准\n4、调试","套",150,510.72,{"$f":"E20*F20","v":{"v":76608,"d":"76608.00"}}]
[14,"消火栓内单独配件（拆除换新）","1、名称:更换卷盘软管或水带、水枪、消火栓箱门、消火栓玻璃等\n2、满足规范要求及消防验收标准\n3、调试","套",190,120,{"$f":"E21*F21","v":{"v":22800,"d":"22800.00"}}]
[15,"灭火器（新增）","1、名称:灭火器（挂钩）\n2、满足规范要求及消防验收标准\n3、调试","项",1,2527.75,{"$f":"E22*F22","v":2527.75}]
[16,"单体(含屋面)及地下室消火栓管道","1、地下室及楼层(含屋面)消火栓管道打压测试\n2、管道消毒冲洗\n3、修复漏点\n4、影响地下室车位进出库的消火栓箱移位（包括箱位置调整、水管道调整、电路调整、拆除部位涂料刷新）\n5、满足规范要求及消防验收标准\n6、调试","项",1,19202.86,19202.86]
[17,"增压稳压泵（拆除换新）","1、名称:增压稳压泵 \n2、电机2900r/min 11A 380V I P54 （与原系统匹配，不低于原设备型号配置）\n3、连接管道整修或增加管道\n4、满足规范要求及消防验收标准\n5、调试","台",4,2885.05,{"v":11540.2,"d":"11540.20"}]
[18,"增压稳压泵控制箱（拆除换新）","1、名称:稳压泵控制箱（304不锈钢防雨配电箱）\n2、含箱体及箱内所有元器件（不低于原配电箱元器件品牌及配置）\n3、线路整修或增加管线（含开孔）\n4、满足规范要求及消防验收标准\n5、调试","台",2,1176.1,{"v":2352.2,"d":"2352.20"}]
[19,"阀门（拆除换新）","1、名称:屋顶闸阀      \n2、规格:DN150\n3、满足规范要求及消防验收标准","个",6,1030.29,6181.74]
[20,"屋顶稳压泵房（新增）","1、50公分C25混凝土基础\n2、岩棉板房的长、宽、高度需结合现场设备而定（稳压泵、气压罐等），板材厚度符合国标要求，气压罐深度除锈及防腐，屋面水箱、稳压系统调试正常运行\n3、满足规范要求及消防验收标准\n4、调试","座",1,2222.65,2222.65]
[21,"管道绝热（拆除换新）","1、屋顶消防管道保温及屋顶水箱各连接管道保温\n2、橡塑保温30mm厚\n3、满足规范要求及消防验收标准","m3",6.93,1073.05,{"v":7436.2365,"d":"7436.24"}]
[22,"防潮层、保护层（拆除换新）","铝箔保护","m2",229.19,35.18,{"v":8062.9042,"d":"8062.90"}]
[null,"喷淋系统","消火栓系统"]
[23,"单体(含屋面)及地下室喷淋管道","1、地下室及楼层(含屋面)喷淋管道打压测试\n2、管道消毒冲洗\n3、修复漏点\n4、修复喷头\n5、满足规范要求及消防验收标准\n6、调试","项",1,19140.4,{"$f":"E31*F31","v":{"v":19140.4,"d":"19140.40"}}]
[null,"消防防排烟系统"]
[24,"风管支吊（拆除换新）","1、镀锌钢板风管支架现场有脱落或生锈变形\n2、支吊架按国标规范制作并安装\n3、支架除锈刷油\n4、满足规范要求及消防验收标准","项",1,7507.14,{"$f":"E33*F33","v":7507.14}]
[25,"控制箱（拆除换新）","1、名称:风机控制箱（304不锈钢防雨配电箱）\n2、含箱体及箱内所有元器件（不低于原配电箱元器件品牌及配置）\n3、满足规范要求及消防验收标准\n4、调试","台",16,1600.4,{"$f":"E34*F34","v":{"v":25606.4,"d":"25606.40"}}]
[26,"屋面正压风机防尘罩（含不锈钢防尘网）（拆除换新）","1、尺寸（以现场为准）\n2、满足规范要求及消防验收标准\n3、调试","套",16,111.55,{"$f":"E35*F35","v":{"v":1784.8,"d":"1784.80"}}]
[null,"外网"]
[27,"阀门（拆除换新）","1、名称:外网闸阀      \n2、规格:DN150\n3、满足规范要求及消防验收标准","个",3,1030.29,{"$f":"E37*F37","v":3090.87}]
[28,"阀门（拆除换新）","1、名称:止回阀\n2、规格:DN150\n3、满足规范要求及消防验收标准","个",3,958.96,2876.88]
[29,"外网","1、测试漏点\n2、修复漏点\n3、含外网管道、管道防腐、管道挖填土方及修复（恢复原路面做法）\n4、外网环网管道进各单体有独立的阀门控制\n5、满足规范要求及消防验收标准\n6、调试","处",10,908.02,{"v":9080.2,"d":"9080.20"}]
[30,"阀门井砌筑","1、圆形砌筑井\n2、尺寸与现场已有消防主管道的井尺寸一致\n3、100mm厚C10混凝土垫层，200mm厚C25钢筋混凝土底板，MU10级砖砌体M10水泥砂浆砌筑、井圈等\n4、φ700铸铁井盖\n5、含挖、回填土方","个",6,1678.72,10072.32]
[null,"其他"]
[31,"故障点测试维修","1、喷淋系统、消火栓系统、消防供水系统、火灾联动报警系统、消防系统外网、消防防排烟系统、应急照明系统等消防系统故障点测试并维修\n2、满足规范要求及消防验收标准\n3、调试","项",1,5847.39,5847.39]
[null,"总价",{"$nulls":4},{"$f":"SUM(G6:G42)","v":{"v":410027.4107,"d":"410027.41"}}]
["1、综合单价包含人材机、管理费、利润、措施费、规费、税金等费用；施工期间政策性调整及市场风险属于综合单价包含的风险范围；拆除费用含在综合单价中，不单独计取。                                                                                                                                    2、清单项目特征未能详尽描述所有内容，投标人应结合招标文件的要求报价。 \n3、不仅限于所列清单子目，投标人需现场踏勘，针对现场实际情况进行维修及更换并投标时予以增项报价，对隐藏部分漏水进行检修并修复，不得以任何理由拒绝漏项的不做或工程量不够而加价，必须达到甲方使用要求，竣工须满足消防验收。（喷淋系统、消火栓系统、消防供水系统、火灾联动报警系统、消防系统外网、消防防排烟系统、应急照明系统恢复正常）。\n4、工程项目竣工后必须通过消防部门验收，质保期三年。（竣工验收及复验时均须出具第三方检测报告，由招标人指定第三方公司）。\n5、所有残值归甲方。"]